Sauna as Symbol : (Record no. 610752)

MARC details
000 -LEADER
fixed length control field 00508nam a2200193 a 4500
008 - FIXED-LENGTH DATA ELEMENTS--GENERAL INFORMATION
fixed length control field 260206s1993##################000#0#eng##
020 ## - INTERNATIONAL STANDARD BOOK NUMBER
ISBN 9780820423876
082 04 - DEWEY DECIMAL CLASSIFICATION NUMBER
Classification number 306.094897
Item number EDE
100 1# - MAIN ENTRY--AUTHOR NAME
Personal name Edelsward, L. M.,
245 10 - TITLE STATEMENT
Title Sauna as Symbol :
260 ## - PUBLICATION, DISTRIBUTION, ETC. (IMPRINT)
Name of publisher Peter Lang Pub Incorporated,
Year of publication 1993.
300 ## - PHYSICAL DESCRIPTION
Number of Pages 267 pages
650 #0 - SUBJECT ADDED ENTRY--TOPICAL TERM
Topical Term Social Science.
942 ## - ADDED ENTRY ELEMENTS (KOHA)
Koha item type English Books
Holdings
Withdrawn status Lost status Damaged status Not for loan Home library Current library Shelving location Date acquired Full call number Accession Number Price effective from Koha item type
        Anna Centenary Library Anna Centenary Library 3RD FLOOR, B WING 06.02.2026 306.094897 EDE 217118 06.02.2026 English Books

Find us on the map